[Event "Mechanics' Winter TNM; 30/90, SD/30"]
[Site "San Francisco"]
[Date "2015.02.24"]
[Round "8.45"]
[White "Hilliard, Michael"]
[Black "Ross, David"]
[Result "0-1"]
[WhiteElo "1400"]
[BlackElo "1523"]
[PlyCount "78"]
[EventDate "2015.??.??"]

1. d4 Nf6 2. Nf3 c5 3. c3 e6 4. e3 d5 5. Bd3 Nc6 6. Nbd2 Bd6 7. O-O O-O 8. Re1
Re8 9. dxc5 Bxc5 10. b4 Bd6 11. e4 Ne5 12. Nxe5 Bxe5 13. Qc2 Qc7 14. Bb2 Bxh2+
15. Kf1 dxe4 16. Nxe4 Nxe4 17. Rxe4 f5 18. Rh4 Be5 19. Ke2 Bf6 20. Rh3 Bd7 21.
Rah1 h6 22. Qd2 Bg5 23. Qc2 Bc6 24. f3 Rad8 25. Bc1 Qe5+ 26. Kf2 Bxc1 27. Rxc1
Qd5 28. Be2 Qd2 29. Qb1 Qg5 30. Rhh1 Ba4 31. Rce1 Rd2 32. g3 e5 33. Kg2 Qe3 34.
Kh3 Rxe2 35. Rxe2 Qxe2 36. Qxf5 Qd2 37. Qb1 Bd7+ 38. g4 Qf4 39. Qe4 Bxg4+ 0-1

[Event "Mechanics' Leighton Allen TNM; G/2"]
[Site "San Francisco"]
[Date "2015.09.22"]
[Round "8.35"]
[White "Hilliard, Michael"]
[Black "Tan, Jacky T"]
[Result "0-1"]
[WhiteElo "1418"]
[BlackElo "1112"]
[PlyCount "106"]
[EventDate "2015.??.??"]

1. d4 Nf6 2. Nf3 g6 3. e3 Bg7 4. b3 c5 5. c3 Qa5 6. Bb2 O-O 7. Nbd2 cxd4 8.
cxd4 d6 9. Bd3 Bf5 10. Bxf5 Qxf5 11. O-O Nc6 12. Re1 Ne4 13. Re2 d5 14. a3 Rfc8
15. Rc1 Na5 16. Nxe4 dxe4 17. Nd2 Qb5 18. Bc3 Qd3 19. Nxe4 Qxe4 20. Bxa5 Rxc1
21. Qxc1 Bxd4 22. Rc2 Bb6 23. Bd2 Qd5 24. b4 Rd8 25. Kf1 Qd6 26. Kg1 Rd7 27.
Rc8+ Kg7 28. Qb2+ f6 29. Rc2 Rc7 30. Rxc7 Bxc7 31. g3 Qe5 32. Bc3 Qd5 33. Qc2
Qc6 34. Qd3 Qd6 35. Qxd6 Bxd6 36. Bd4 a6 37. f4 Kf7 38. Kf2 Ke6 39. e4 Kd7 40.
Ke3 e5 41. Bc3 Kc6 42. a4 b6 43. Kd3 exf4 44. g4 Be5 45. Be1 h6 46. h3 g5 47.
Bf2 b5 48. axb5+ axb5 49. Bc5 Bd6 50. Bxd6 Kxd6 51. Kd4 f3 52. Ke3 Ke5 53. Kxf3
Kd4 0-1

[Event "Mechanics' Fall TNM; G/2"]
[Site "San Francisco"]
[Date "2015.12.01"]
[Round "7.33"]
[White "Hilliard, Michael"]
[Black "Yamamoto, Craig"]
[Result "0-1"]
[WhiteElo "1404"]
[BlackElo "1656"]
[PlyCount "112"]
[EventDate "2015.??.??"]

1. d4 d5 2. Nf3 Nf6 3. e3 b6 4. Bd3 e6 5. Nbd2 Bb7 6. O-O Bd6 7. Re1 O-O 8. e4
dxe4 9. Nxe4 Nxe4 10. Bxe4 Bxe4 11. Rxe4 Nd7 12. Qd3 Be7 13. Ne5 Nxe5 14. Rxe5
Bf6 15. Re4 Rc8 16. c3 c5 17. Be3 Re8 18. Rd1 c4 19. Qe2 Qd7 20. Qg4 g6 21. Bg5
Bg7 22. Qf3 Qd5 23. Bf4 Qf5 24. Rde1 Red8 25. Qe2 Rd5 26. g4 Qf6 27. Be5 Qd8
28. Bxg7 Kxg7 29. Re5 Kg8 30. Qd2 Kg7 31. g5 Rcc5 32. Qf4 Rxe5 33. Rxe5 Rd5 34.
Rxd5 Qxd5 35. Qe5+ Kg8 36. Qxd5 exd5 37. Kg2 f6 38. f4 h6 39. h4 h5 40. Kg3 Kf7
41. Kf3 Ke6 42. b3 b5 43. Kf2 cxb3 44. axb3 a5 45. Ke2 fxg5 46. fxg5 Kf5 47.
Kd2 Ke4 48. Kc2 a4 49. b4 a3 50. Kb3 Kd3 51. c4 dxc4+ 52. Kxa3 c3 53. d5 c2 54.
Kb2 Kd2 55. d6 c1=Q+ 56. Ka2 Kc2 0-1

[Event "Mechanics' Winter TNM; 30/90, SD/30"]
[Site "San Francisco"]
[Date "2015.02.17"]
[Round "7.24"]
[White "Ho, Steve"]
[Black "Cheung, Aaron"]
[Result "1-0"]
[WhiteElo "1636"]
[BlackElo "1748"]
[PlyCount "33"]
[EventDate "2015.??.??"]

1. Nc3 Nf6 2. d4 g6 3. e4 d6 4. Be2 Bg7 5. f4 O-O 6. e5 Nfd7 7. Ne4 c5 8. c3
Qc7 9. h4 f6 10. Bc4+ Kh8 11. h5 Nb6 12. hxg6 Nxc4 13. Qh5 h6 14. f5 Qc6 15.
Bxh6 Kg8 16. Bxg7 Qxe4+ 17. Ne2 1-0

[Event "Mechanics' Winter TNM; 30/90, SD/30"]
[Site "?"]
[Date "2015.01.27"]
[Round "4"]
[White "Ho, Steve"]
[Black "Donaldson, John"]
[Result "0-1"]
[WhiteElo "1636"]
[BlackElo "2411"]
[Annotator "Donaldson"]
[PlyCount "32"]
[EventDate "2015.01.13"]

1. d4 Nf6 2. Bg5 (2. Nc3 d5 3. e4 dxe4 4. f3 exf3 5. Nxf3) 2... Ne4 3. Bh4 (3.
Bf4 d5 4. f3 Nf6 5. e4 dxe4 6. Nc3 exf3 7. Nxf3) 3... d5 (3... c5 4. f3 g5) 4.
f3 Nf6 5. Bxf6 $6 (5. e4 dxe4 6. Nc3 e3) (5. Nc3 Bf5) 5... exf6 (5... gxf6) 6.
e4 $6 (6. c4) 6... c6 (6... dxe4 7. fxe4 f5) 7. Nh3 (7. Bd3 dxe4 8. Bxe4 f5) (
7. c3 Bd6 8. Bd3 O-O (8... Be6 9. Ne2 Qc7 10. g3 Nd7 11. O-O O-O-O) 9. Ne2 Qc7
10. g3 Bh3) 7... Bxh3 8. gxh3 f5 9. exd5 $6 (9. e5 Qh4+ 10. Ke2) 9... Qh4+ 10.
Ke2 cxd5 11. Nc3 Nc6 12. Nb5 $2 (12. Qe1 Qxd4 13. Rd1 Qe5+ 14. Kf2 Bc5+ 15. Kg2
) 12... O-O-O 13. c3 a6 14. Na3 Bxa3 15. bxa3 Rhe8+ 16. Kd3 Qf2 0-1

[Event "Mechanics' Winter TNM; 30/90, SD/30"]
[Site "San Francisco"]
[Date "2015.01.20"]
[Round "3.21"]
[White "Ho, Steve"]
[Black "Flores, David"]
[Result "1-0"]
[WhiteElo "1636"]
[BlackElo "1818"]
[PlyCount "69"]
[EventDate "2015.??.??"]

1. e4 d6 2. Bc4 g6 3. d3 Bg7 4. h4 h5 5. Bg5 Nf6 6. Nc3 c6 7. a4 Nbd7 8. d4 Nh7
9. Be3 Ndf6 10. Qd2 Bd7 11. Bh6 O-O 12. Bxg7 Kxg7 13. e5 Ng4 14. f3 Nh6 15. Bd3
Qb6 16. Nge2 a5 17. g4 hxg4 18. h5 g5 19. f4 Nf5 20. h6+ Kh8 21. fxg5 dxe5 22.
dxe5 Qe3 23. Ne4 Qxd2+ 24. Kxd2 Rad8 25. Rag1 Rg8 26. Rxg4 Nd4 27. Rf4 Be6 28.
Rg1 Nf8 29. Nc5 Nxe2 30. Kxe2 Bd5 31. c4 Be6 32. Nxe6 Nxe6 33. Rxf7 Rxg5 34.
Rh7+ Kg8 35. Rxg5+ 1-0

[Event "Mechanics' Winter TNM; 30/90, SD/30"]
[Site "San Francisco"]
[Date "2015.01.06"]
[Round "1.10"]
[White "Ho, Steve"]
[Black "Gaffagan, Steven"]
[Result "0-1"]
[WhiteElo "1636"]
[BlackElo "2150"]
[PlyCount "80"]
[EventDate "2015.??.??"]

1. e4 c5 2. Nf3 d6 3. b4 cxb4 4. d4 Nf6 5. Bd3 g6 6. Bb2 Bg7 7. c4 bxc3 8. Nxc3
O-O 9. Qe2 Bg4 10. h3 Bxf3 11. Qxf3 Nc6 12. Ne2 Nb4 13. O-O Nxd3 14. Qxd3 Rc8
15. Rfc1 Qd7 16. Nc3 b5 17. a3 a6 18. Ne2 Rc4 19. Rxc4 bxc4 20. Qxc4 Qb7 21.
Bc1 Nxe4 22. Be3 Rc8 23. Qd3 d5 24. Rb1 Qc6 25. Rc1 Qe6 26. Rb1 Qc6 27. Rc1 Qb7
28. Rb1 Qa7 29. Rb4 e6 30. Ra4 Rc6 31. f3 Nd6 32. Bf2 Rc4 33. Nc3 Qc7 34. Bg3
Rxc3 35. Qxa6 Rc6 36. Qa8+ Bf8 37. Ra7 Rc1+ 38. Kh2 Qc8 39. Be5 Qxa8 40. Rxa8
Rc8 0-1

[Event "Mechanics' Spring TNM; G/2"]
[Site "San Francisco"]
[Date "2015.04.14"]
[Round "5.26"]
[White "Ho, Steve"]
[Black "Gomboluudev, Enkhj"]
[Result "1-0"]
[WhiteElo "1636"]
[BlackElo "1400"]
[PlyCount "51"]
[EventDate "2015.??.??"]

1. e4 e5 2. Nf3 Nc6 3. d4 exd4 4. Bc4 Bc5 5. Bg5 Nge7 6. c3 dxc3 7. Nxc3 f6 8.
Bf4 d6 9. Nh4 Ne5 10. Bxe5 fxe5 11. Qh5+ g6 12. Qh6 Rf8 13. O-O Rh8 14. Qg7 Kd7
15. Rad1 Kc6 16. Nf3 Bg4 17. Nxe5+ Kb6 18. Na4+ Ka5 19. Nxc5 Qf8 20. Nb3+ Kb4
21. a3+ Ka4 22. Qxf8 Raxf8 23. Nxg4 b5 24. Be6 h5 25. Rd4+ b4 26. Rxb4# 1-0

[Event "Mechanics' Spring TNM; G/2"]
[Site "San Francisco"]
[Date "2015.04.28"]
[Round "7.25"]
[White "Ho, Steve"]
[Black "Mathrubootham, Ganesh"]
[Result "1-0"]
[WhiteElo "1636"]
[BlackElo "1141"]
[PlyCount "55"]
[EventDate "2015.??.??"]

1. e4 e6 2. Nc3 Nc6 3. b3 Nf6 4. d3 d5 5. exd5 Nxd5 6. Nxd5 Qxd5 7. Nf3 Ne5 8.
Bd2 Nxf3+ 9. gxf3 Bd7 10. Qe2 O-O-O 11. Qe4 Qc5 12. d4 Qh5 13. Ba6 Bc6 14. Qxc6
bxa6 15. Bf4 Qa5+ 16. c3 Bd6 17. Bd2 Qb6 18. Qe4 Be7 19. h4 h6 20. h5 Kb8 21.
Rg1 Bf6 22. a4 Rd5 23. Rh1 Rhd8 24. Be3 e5 25. dxe5 Qxb3 26. Rb1 Rd1+ 27. Ke2
Qxb1 28. Qxb1+ 1-0

[Event "Mechanics' Spring TNM; G/2"]
[Site "San Francisco"]
[Date "2015.03.31"]
[Round "3.40"]
[White "Ho, Steve"]
[Black "Rothman, Ivan"]
[Result "1-0"]
[WhiteElo "1636"]
[BlackElo "1397"]
[Annotator "Donaldson"]
[PlyCount "49"]
[EventDate "2015.??.??"]

1. e4 d6 2. f4 g6 3. Nf3 Bg7 4. Bc4 Bg4 $2 5. Bxf7+ Kxf7 6. Ng5+ Ke8 7. Qxg4
Nf6 8. Qe6 Rf8 9. O-O (9. Nxh7 $1) 9... Qd7 10. Qb3 b6 11. e5 dxe5 12. fxe5
Qd4+ 13. Kh1 Qxe5 14. d3 Qe2 15. Kg1 Bh6 16. Nc3 Qh5 17. Ne6 Ng4 18. Rxf8+ Bxf8
19. Bf4 Na6 20. Qa4+ Kf7 21. Ng5+ Kg7 22. Qd4+ e5 23. Bxe5+ Nxe5 24. Qxe5+ Kh6
25. Nf7# 1-0

[Event "Mechanics' Winter TNM; 30/90, SD/30"]
[Site "San Francisco"]
[Date "2015.02.03"]
[Round "5.36"]
[White "Hood, Bryan"]
[Black "Cohee, James"]
[Result "0-1"]
[WhiteElo "1521"]
[BlackElo "1660"]
[PlyCount "78"]
[EventDate "2015.??.??"]

1. d4 d5 2. c4 c6 3. Nf3 Nf6 4. Nc3 dxc4 5. a4 Bf5 6. e3 e6 7. Bxc4 Bb4 8. O-O
O-O 9. h3 Nbd7 10. Na2 Bd6 11. Nc3 Qe7 12. Re1 e5 13. dxe5 Nxe5 14. Nxe5 Bxe5
15. Qf3 Bg6 16. e4 Rad8 17. Bg5 Rd4 18. Bxf6 Bxf6 19. Bd3 Rfd8 20. Bf1 h6 21.
Rac1 Qb4 22. e5 Bg5 23. Rcd1 Rxd1 24. Rxd1 Qxb2 25. Rxd8+ Bxd8 26. Qe3 Bb6 27.
Qg3 Bc7 28. Qe3 Qb6 29. e6 Qxe3 30. exf7+ Bxf7 31. fxe3 b6 32. Ba6 Be5 33. Ne2
Bb3 34. Nd4 Bxd4 35. exd4 Bxa4 36. Bb7 Kf8 37. Kf2 Ke7 38. Kf3 Kd6 39. Ke3 Bb3
{and 0-1 in another dozen moves or so.} 0-1

[Event "Mechanics' Winter TNM; 30/90, SD/30"]
[Site "San Francisco"]
[Date "2015.02.17"]
[Round "7.41"]
[White "Hood, Bryan"]
[Black "Frank, Robert"]
[Result "1/2-1/2"]
[WhiteElo "1521"]
[BlackElo "1296"]
[PlyCount "69"]
[EventDate "2015.??.??"]

1. d4 Nf6 2. c4 e6 3. Nf3 Bb4+ 4. Nc3 c5 5. Bg5 h6 6. Bh4 cxd4 7. Nxd4 Bxc3+ 8.
bxc3 d6 9. Nb5 d5 10. cxd5 exd5 11. Qb3 Be6 12. Bxf6 gxf6 13. Nd4 Qb6 14. e3
Qxb3 15. axb3 a6 16. Nb5 Ke7 17. Nd4 Nd7 18. f4 Nc5 19. Be2 Ne4 20. c4 b5 21.
cxb5 axb5 22. Rxa8 Rxa8 23. O-O Rg8 24. Nxe6 fxe6 25. Bxb5 Nd2 26. Ra1 Nxb3 27.
Ra7+ Kf8 28. Kf2 f5 29. Ba6 Nd2 30. Bc8 Ne4+ 31. Kg1 Rg6 32. g3 h5 33. Rh7 Nf6
34. Ra7 Ng4 35. Rh7 1/2-1/2

[Event "Mechanics' Spring TNM; G/2"]
[Site "San Francisco"]
[Date "2015.03.17"]
[Round "1.3"]
[White "Hood, Bryan"]
[Black "Fuentes, Romulo"]
[Result "0-1"]
[WhiteElo "1628"]
[BlackElo "2225"]
[Annotator "Donaldson"]
[PlyCount "42"]
[EventDate "2015.??.??"]

1. d4 Nf6 2. c4 e5 3. dxe5 Ng4 4. e3 Nxe5 5. Nf3 Nbc6 6. Be2 Bc5 7. a3 a5 8. b3
O-O 9. Nbd2 Re8 10. Bb2 Qe7 11. Qc2 d6 12. Nd4 $4 (12. O-O $11) 12... Bxd4 13.
exd4 Ng6 14. Nf3 (14. Nf1 Bf5 15. Qd2 Nf4 16. Ne3 Be4 17. O-O Bxg2 $19) 14...
Bf5 15. Qd2 Nf4 16. O-O Nxe2+ 17. Kh1 Bg4 18. Rae1 Bxf3 19. gxf3 Qf6 20. Rxe2
Qxf3+ 21. Kg1 Rxe2 0-1

[Event "Mechanics' Spring TNM; G/2"]
[Site "San Francisco"]
[Date "2015.04.21"]
[Round "6.41"]
[White "Hood, Bryan"]
[Black "Hilliard, Michael"]
[Result "1-0"]
[WhiteElo "1628"]
[BlackElo "1491"]
[PlyCount "43"]
[EventDate "2015.??.??"]

1. d4 d5 2. c4 e6 3. Nf3 c5 4. e3 Nc6 5. cxd5 exd5 6. dxc5 Bxc5 7. Nc3 Nf6 8.
Be2 O-O 9. O-O Be6 10. Qc2 d4 11. Rd1 Qb6 12. Na4 Qc7 13. Nxc5 Nb4 14. Qa4 Qxc5
15. Nxd4 Bc4 16. Bd2 Nfd5 17. Bxc4 Qxc4 18. Rdc1 Qa6 19. Qb3 Qd6 20. e4 Nf4 21.
Bxf4 Qxd4 22. Rc4 1-0

[Event "Mechanics' Spring TNM; G/2"]
[Site "San Francisco"]
[Date "2015.05.05"]
[Round "8.29"]
[White "Hood, Bryan"]
[Black "Simpkins, Jerry"]
[Result "1-0"]
[WhiteElo "1628"]
[BlackElo "1478"]
[Annotator "Donaldson"]
[PlyCount "43"]
[EventDate "2015.??.??"]

1. d4 e5 2. dxe5 Nc6 3. Nf3 Qe7 4. Bf4 Qb4+ 5. Bd2 Qxb2 6. Nc3 (6. Bc3 Bb4)
6... Nb4 7. Nd4 Bc5 8. Rb1 Qa3 9. Ndb5 Qa5 10. a3 Qb6 11. e3 Na6 12. Nd6+ cxd6
13. Rxb6 axb6 14. exd6 Bxd6 15. Nb5 Bc5 16. Bc3 Nf6 17. Bxf6 gxf6 18. Bc4 Rg8
19. O-O d6 20. Nxd6+ Bxd6 21. Qxd6 Bh3 22. Bb5+ 1-0

[Event "Mechanics' Leighton Allen TNM; G/2"]
[Site "San Francisco"]
[Date "2015.08.25"]
[Round "4.33"]
[White "James, Charles"]
[Black "Allen, Tom Carter"]
[Result "1/2-1/2"]
[WhiteElo "1464"]
[BlackElo "1541"]
[Annotator "Donaldson"]
[PlyCount "84"]
[EventDate "2015.??.??"]

1. d4 Nf6 2. c4 e5 3. dxe5 Ng4 4. Bf4 Nc6 5. Nf3 Bb4+ 6. Nc3 Qe7 7. Qd5 f6 8.
exf6 Nxf6 9. Qd3 O-O 10. a3 Bxc3+ 11. Qxc3 d6 12. e3 Ne4 13. Qc2 Bf5 14. Bd3
Rae8 15. O-O Bg6 16. Rad1 Bh5 17. Be2 Nc5 18. b4 Bg6 19. Qb2 Nd7 20. Bd3 Bh5
21. Be2 $2 {Diagram #} (21. c5 $1) 21... Rxf4 $1 22. exf4 Qxe2 23. Rd2 Qxc4 24.
Nd4 Nxd4 25. Rxd4 Qf7 26. h3 Re2 27. Qc3 c5 28. Rxd6 b6 29. g4 Qe7 30. Rxd7
Qxd7 31. Qc4+ Qe6 32. Qxe6+ Rxe6 33. gxh5 c4 34. b5 Kf7 35. f3 Re3 36. Rc1 c3
37. Kf2 Rd3 38. Ke2 Rd2+ 39. Ke3 Rd5 40. a4 Rc5 41. Kd3 Rd5+ 42. Kxc3 Kf6
1/2-1/2

[Event "Mechanics' Summer TNM; G/2"]
[Site "San Francisco"]
[Date "2015.05.26"]
[Round "1.22"]
[White "James, Charles"]
[Black "Argo, Guy M"]
[Result "0-1"]
[WhiteElo "1473"]
[BlackElo "1893"]
[PlyCount "56"]
[EventDate "2015.??.??"]

1. d4 e6 2. c4 b6 3. Nc3 Bb4 4. Qc2 f5 5. Nf3 Nf6 6. Bg5 O-O 7. e3 Qe8 8. Bd3
Bxc3+ 9. Qxc3 Ne4 10. Bxe4 fxe4 11. Nd2 Qg6 12. f4 exf3 13. Nxf3 Rxf3 14. gxf3
Qxg5 15. O-O-O Bb7 16. Rhg1 Qf6 17. e4 Na6 18. Rg3 Rf8 19. Qe3 Qf4 20. Qxf4
Rxf4 21. a3 d5 22. cxd5 exd5 23. e5 c5 24. e6 Nc7 25. e7 c4 26. Kc2 Bc6 27. Kc3
Nb5+ 28. Kb4 a5+ 0-1

[Event "Mechanics' Fall TNM; G/2"]
[Site "San Francisco"]
[Date "2015.12.08"]
[Round "8.33"]
[White "James, Charles"]
[Black "Baterdene, Jonatha"]
[Result "0-1"]
[WhiteElo "1464"]
[BlackElo "629"]
[PlyCount "50"]
[EventDate "2015.??.??"]

1. d4 d5 2. c4 dxc4 3. Nf3 Nf6 4. e3 Nc6 5. Bxc4 Bg4 6. O-O e6 7. a3 Bd6 8. Nc3
e5 9. Qb3 O-O 10. Ng5 Kh8 11. Nxf7+ Rxf7 12. Bxf7 Na5 13. Qc2 Qd7 14. Ba2 Bf5
15. Qe2 Re8 16. dxe5 Bxe5 17. Bd2 Bd3 18. Qd1 Bxf1 19. Kxf1 Bxh2 20. g3 Qh3+
21. Ke2 Nc6 22. Rc1 Bxg3 23. fxg3 Rd8 24. Qg1 Qg4+ 25. Ke1 Ne5 0-1

[Event "Mechanics' Spring TNM; G/2"]
[Site "San Francisco"]
[Date "2015.04.14"]
[Round "5.28"]
[White "James, Charles"]
[Black "Bertot, German"]
[Result "0-1"]
[WhiteElo "1409"]
[BlackElo "1628"]
[PlyCount "58"]
[EventDate "2015.??.??"]

1. d4 d5 2. c4 c6 3. Nf3 Nf6 4. Nc3 Nbd7 5. Bf4 e6 6. e3 Be7 7. Bd3 dxc4 8.
Bxc4 Nh5 9. Qe2 O-O 10. Ne5 Nxf4 11. exf4 Nb6 12. Rd1 Nd5 13. Qd2 Bb4 14. O-O
Kh8 15. Qc1 Qc7 16. Nxd5 cxd5 17. Bb5 Qe7 18. a3 Bd6 19. Rfe1 a6 20. Bd3 Bd7
21. Qe3 Rad8 22. Qh3 h6 23. g4 Bxe5 24. Rxe5 f6 25. Qh5 Be8 26. Bg6 Bxg6 27.
Qxg6 fxe5 28. f5 exf5 29. gxf5 Qg5+ 0-1

[Event "Mechanics' Winter TNM; 30/90, SD/30"]
[Site "San Francisco"]
[Date "2015.02.17"]
[Round "7.33"]
[White "James, Charles"]
[Black "Donnelly, Patrick"]
[Result "1/2-1/2"]
[WhiteElo "1409"]
[BlackElo "1659"]
[PlyCount "120"]
[EventDate "2015.??.??"]

1. d4 Nf6 2. c4 e6 3. Nc3 Bb4 4. Qc2 O-O 5. a3 Bxc3+ 6. Qxc3 d5 7. Bg5 Nbd7 8.
e3 c5 9. Nf3 Qc7 10. Bd3 b6 11. O-O Bb7 12. Bf4 Qd8 13. Qc2 dxc4 14. Qxc4 Rc8
15. Rac1 Re8 16. Qb3 cxd4 17. exd4 Bxf3 18. gxf3 Nd5 19. Bd2 Qf6 20. Bb5 Rxc1
21. Rxc1 Nf4 22. Bxf4 Qxf4 23. Qe3 Qd6 24. Qc3 h6 25. Qc7 Qd5 26. Bxd7 Qg5+ 27.
Kh1 Re7 28. Rg1 Qf6 29. Qc8+ Kh7 30. Qc2+ g6 31. Bb5 Qxf3+ 32. Rg2 e5 33. Qd3
Qxd3 34. Bxd3 exd4 35. f4 Re3 36. Rg3 Re1+ 37. Kg2 f5 38. Kf2 Ra1 39. Bc4 Rc1
40. Bb3 Rb1 41. Rd3 Rxb2+ 42. Kg3 Kg7 43. Bd5 Re2 44. a4 g5 45. Rxd4 Kf6 46.
Bc4 Re3+ 47. Kf2 gxf4 48. Rxf4 Ra3 49. Bb5 Kg5 50. Rc4 f4 51. Rc7 a6 52. Bxa6
Rxa4 53. Be2 Ra2 54. Rc6 Rb2 55. Kf3 Rb3+ 56. Kg2 h5 57. h3 Rb2 58. Kf3 Rb3+
59. Kg2 h4 60. Bf3 Rb2+ {Remaining moves missing.} 1/2-1/2

[Event "Mechanics' Spring TNM; G/2"]
[Site "San Francisco"]
[Date "2015.04.28"]
[Round "7.38"]
[White "James, Charles"]
[Black "Eastham, Asher"]
[Result "0-1"]
[WhiteElo "1409"]
[BlackElo "1289"]
[PlyCount "64"]
[EventDate "2015.??.??"]

1. d4 d5 2. c4 e6 3. Nc3 Nf6 4. cxd5 exd5 5. Bg5 Be7 6. f3 Nbd7 7. e3 c5 8.
Nge2 O-O 9. Qc2 b6 10. Ng3 h6 11. Bxf6 Nxf6 12. Be2 Bb7 13. O-O cxd4 14. exd4
Rc8 15. Nf5 Bb4 16. Qb3 Ba5 17. Rac1 a6 18. Qa3 Bxc3 19. Ne7+ Kh8 20. Nxc8
Bxd4+ 21. Kh1 Bxc8 22. Bxa6 Bxa6 23. Qxa6 Bxb2 24. Rb1 Bd4 25. a4 Re8 26. Qb5
Qe7 27. Rfd1 Bc5 28. Rbc1 d4 29. h3 Nd5 30. Qd3 Nc3 31. Rd2 Qe3 32. Qxe3 Rxe3
0-1

[Event "Mechanics' Fall TNM; G/2"]
[Site "San Francisco"]
[Date "2015.11.03"]
[Round "3.20"]
[White "James, Charles"]
[Black "Gerwin, Gene"]
[Result "0-1"]
[WhiteElo "1464"]
[BlackElo "1822"]
[PlyCount "106"]
[EventDate "2015.??.??"]

1. d4 b6 2. e4 Bb7 3. Nc3 e6 4. f3 d5 5. e5 c5 6. Be3 Nd7 7. f4 h5 8. h4 Ne7 9.
Nf3 a6 10. Ng5 Nf5 11. Bf2 Rc8 12. Be2 g6 13. g4 hxg4 14. Bxg4 cxd4 15. Bxd4
Nxd4 16. Qxd4 Bc5 17. Qd3 {Diagram [#]} Nxe5 $1 18. fxe5 Qxg5 19. hxg5 Rxh1+
20. Kd2 Rxa1 21. Bxe6 fxe6 22. Qxg6+ Kd7 23. Qf7+ Be7 24. Na4 Rc6 25. g6 b5 26.
g7 Rg1 27. g8=Q Rxg8 28. Qxg8 bxa4 29. Qh7 Rb6 30. b3 axb3 31. axb3 Rb4 32. Kc3
Re4 33. Qg7 Bc6 34. Kd3 Rh4 35. Qg1 Bb5+ 36. Kc3 Re4 37. Qa7+ Ke8 38. Qb8+ Kf7
39. Qh8 Be2 40. Qh7+ Ke8 41. Qg8+ Kd7 42. Qb8 Rf4 43. Qb7+ Ke8 44. Qc8+ Kf7 45.
Qh8 Rh4 46. Qb8 Bb5 47. Qa7 Re4 48. Qf2+ Kg6 49. Qa7 Bb4+ 50. Kb2 d4 51. Qb8
Re1 52. Qg8+ Kf5 53. Qg3 Bc3+ 0-1

[Event "Mechanics' Spring TNM; G/2"]
[Site "San Francisco"]
[Date "2015.03.24"]
[Round "2.37"]
[White "James, Charles"]
[Black "Gupta, Vishrut"]
[Result "1-0"]
[WhiteElo "1409"]
[BlackElo "1547"]
[PlyCount "107"]
[EventDate "2015.??.??"]

1. d4 d5 2. c4 e6 3. Nc3 Nf6 4. cxd5 exd5 5. Bg5 Be7 6. f3 Bf5 7. e3 c6 8. Nge2
O-O 9. Ng3 Bg6 10. Qe2 Re8 11. O-O-O Qa5 12. a3 b5 13. e4 b4 14. axb4 Bxb4 15.
Bxf6 Bxc3 16. bxc3 Qxc3+ 17. Qc2 Qxc2+ 18. Kxc2 gxf6 19. Bd3 Nd7 20. Rhe1 Nb6
21. f4 Bxe4 22. Nxe4 dxe4 23. Bxe4 Nd5 24. g3 f5 25. Bxd5 cxd5 26. Re5 Rxe5 27.
dxe5 Rd8 28. Ra1 Rd7 29. Ra6 Re7 30. Rd6 Re6 31. Rxd5 Rh6 32. Rd8+ Kg7 33. h4
Rg6 34. Rd3 Kf8 35. Kb3 Ke7 36. Ka4 Rb6 37. Ka5 f6 38. Rc3 Kd7 39. Ka4 h5 40.
Rd3+ Ke6 41. exf6 Kxf6 42. Rd7 a6 43. Rh7 Kg6 44. Rh8 Re6 45. Rg8+ Kh6 46. Ka5
Rf6 47. Ra8 Kg6 48. Rxa6 Rxa6+ 49. Kxa6 Kf6 50. Kb6 Ke7 51. Kc5 Ke6 52. Kc6 Kf7
53. Kd5 Kf6 54. Kd6 1-0

[Event "Mechanics' Winter TNM; 30/90, SD/30"]
[Site "San Francisco"]
[Date "2015.02.03"]
[Round "5.31"]
[White "James, Charles"]
[Black "Hack, Richard"]
[Result "0-1"]
[WhiteElo "1409"]
[BlackElo "1694"]
[PlyCount "60"]
[EventDate "2015.??.??"]

1. d4 f5 2. c4 g6 3. g3 Nf6 4. Nc3 Bg7 5. Nf3 O-O 6. Bg2 d6 7. O-O Nc6 8. e3
Qe8 9. d5 Ne5 10. Nxe5 dxe5 11. e4 f4 12. gxf4 Nh5 13. fxe5 Bxe5 14. Ne2 Nf4
15. Nxf4 Bxf4 16. Qd4 g5 17. e5 Qh5 18. Bxf4 Rxf4 19. Qd3 Bf5 20. Qc3 Rh4 21.
Qg3 Rg4 22. Qf3 Be4 23. Qxe4 Rxe4 24. Bxe4 Qg4+ 25. Bg2 Rf8 26. Rac1 h5 27. Rc3
h4 28. h3 Qd4 29. e6 Rf4 30. b3 Qxc3 0-1

[Event "Mechanics' Leighton Allen TNM; G/2"]
[Site "San Francisco"]
[Date "2015.08.04"]
[Round "1.14"]
[White "James, Charles"]
[Black "Kokesh, Tim"]
[Result "0-1"]
[WhiteElo "1464"]
[BlackElo "2052"]
[PlyCount "52"]
[EventDate "2015.??.??"]

1. d4 Nf6 2. c4 c5 3. d5 b5 4. cxb5 a6 5. b6 g6 6. Nc3 Qxb6 7. e4 d6 8. a4 Bg7
9. Qc2 O-O 10. a5 Qb4 11. Ra4 Qb7 12. Bc4 Bd7 13. Ra3 Qb4 14. Ba2 Bb5 15. Bd2
Nbd7 16. Nb1 Qxe4+ 17. Qxe4 Nxe4 18. Bc3 Ne5 19. Bxe5 Bxe5 20. Nc3 Nxc3 21.
bxc3 Rab8 22. c4 Bd7 23. Nf3 Bf6 24. O-O Rb2 25. Rb1 Rfb8 26. Rb3 R8xb3 0-1

[Event "Mechanics' Leighton Allen TNM; G/2"]
[Site "San Francisco"]
[Date "2015.09.29"]
[Round "9.33"]
[White "James, Charles"]
[Black "Otterbach, Renate"]
[Result "1-0"]
[WhiteElo "1464"]
[BlackElo "1063"]
[PlyCount "37"]
[EventDate "2015.??.??"]

1. d4 d5 2. c4 e6 3. Nc3 Nf6 4. cxd5 exd5 5. Qc2 Nc6 6. Nf3 Be6 7. Bg5 Be7 8.
e3 Qd7 9. Bb5 a6 10. Ne5 Qd6 11. Qa4 O-O 12. Bxc6 bxc6 13. Nxc6 Bd7 14. Nxe7+
Qxe7 15. Qc2 Qd6 16. O-O Nh5 17. e4 f6 18. Be3 c6 19. f4 {
and White later won. Remaining moves unavailable.} 1-0

[Event "Mechanics' Winter TNM; 30/90, SD/30"]
[Site "San Francisco"]
[Date "2015.01.06"]
[Round "1.28"]
[White "James, Charles"]
[Black "Shnaiderman, Lazar"]
[Result "1/2-1/2"]
[WhiteElo "1409"]
[BlackElo "1846"]
[Annotator "Donaldson"]
[PlyCount "83"]
[EventDate "2015.??.??"]

1. d4 Nf6 2. c4 e6 3. Nc3 Bb4 4. Qc2 Nc6 5. Nf3 O-O 6. a3 Bxc3+ 7. Qxc3 Ne4 8.
Qc2 f5 9. e3 d6 10. b4 Bd7 11. Bd3 Nf6 12. b5 Ne7 13. O-O c6 14. Bb2 (14. a4)
14... Rc8 15. Qe2 (15. a4 cxb5 16. axb5 Bxb5) 15... Ne4 16. Nd2 Nxd2 17. Qxd2
d5 18. a4 Ng6 19. Ba3 Re8 20. f4 cxb5 21. cxb5 Qc7 22. Rac1 Qb8 23. Rxc8 Rxc8
24. Rc1 Rxc1+ 25. Qxc1 Qc8 26. Qxc8+ Bxc8 27. Bc5 b6 28. Bd6 Nf8 29. Bb8 Nd7
30. Bxa7 Kf7 31. Kf1 Ke7 32. a5 bxa5 33. Bc5+ Kd8 34. b6 Bb7 35. Bb5 Nb8 36.
Ke1 Nc6 37. Kd2 Kc8 38. Kc3 Nb8 39. Kb3 Bc6 40. Ka4 Kb7 41. Kxa5 Bxb5 42. Kxb5
1/2-1/2

[Event "Mechanics' Fall TNM; G/2"]
[Site "San Francisco"]
[Date "2015.11.17"]
[Round "5.37"]
[White "James, Charles"]
[Black "Tan, Jacky T"]
[Result "0-1"]
[WhiteElo "1464"]
[BlackElo "1112"]
[PlyCount "66"]
[EventDate "2015.??.??"]

1. d4 Nf6 2. c4 e6 3. Nc3 Bb4 4. Qc2 d5 5. a3 Bxc3+ 6. Qxc3 Ne4 7. Qc2 Nc6 8.
Nf3 O-O 9. e3 Bd7 10. Bd3 f5 11. O-O Qe8 12. b4 Rc8 13. b5 Ne7 14. Ne5 Ng6 15.
f3 Nxe5 16. dxe5 Nc5 17. Be2 b6 18. Bb2 dxc4 19. Bxc4 Bxb5 20. Bxb5 Qxb5 21. a4
Qd3 22. Qf2 Rfd8 23. Bd4 Nb3 24. Rfe1 Qc4 25. Qa2 c5 26. Rac1 Qxc1 27. Rxc1
Nxc1 28. Qxe6+ Kh8 29. Bb2 Nd3 30. Ba1 c4 31. Bd4 c3 32. e4 c2 33. Be3 c1=Q+
0-1

[Event "Mechanics' Summer TNM; G/2"]
[Site "San Francisco"]
[Date "2015.06.02"]
[Round "2.14"]
[White "Joyce, Ben"]
[Black "Anderson, Michael"]
[Result "0-1"]
[WhiteElo "1388"]
[BlackElo "1991"]
[PlyCount "38"]
[EventDate "2015.??.??"]

1. e4 c5 2. Nf3 e6 3. Nc3 a6 4. d3 Nc6 5. Bf4 d6 6. Qd2 b5 7. Ne2 e5 8. Bg3 g6
9. c3 Bh6 10. Qd1 Be6 11. d4 cxd4 12. cxd4 Qa5+ 13. Nd2 Nb4 14. Nc1 Rc8 15. Bd3
{Diagram [#]} Rxc1 $1 16. Rxc1 Nxd3+ 17. Ke2 Nxc1+ 18. Qxc1 Qxd2+ 19. Kf3 Qxc1
0-1